|
|
|
|
| LEADER |
00000nab a2200000 a 4500 |
| 001 |
vtls001016060 |
| 003 |
SK-MaSNL |
| 005 |
20260303190217.0 |
| 008 |
040720e19991126xo 0 slo |
| 035 |
|
|
|a SN2011
|
| 040 |
|
|
|a SNSK
|b slo
|c SNSK
|e AACR2
|
| 041 |
0 |
|
|a slo
|
| 044 |
|
|
|a xo
|c SK
|
| 080 |
|
|
|a 908.437.678-22
|2 1981
|
| 080 |
|
|
|a 628.1/.2
|2 1981
|
| 100 |
0 |
|
|a (rep)
|4 aut
|9 968334
|
| 245 |
1 |
0 |
|a Obec Olšavka má záujem sprivatizovať vodovod
|b výstavba
|
| 650 |
0 |
7 |
|a vlastiveda
|2 SNSK
|9 3887
|
| 650 |
0 |
7 |
|a vodovody
|2 SNSK
|9 29351
|
| 650 |
0 |
7 |
|a kanalizácia
|2 SNSK
|9 29352
|
| 650 |
0 |
7 |
|a výstavba
|2 SNSK
|9 29373
|
| 650 |
0 |
7 |
|a informácie
|2 SNSK
|9 1285
|
| 651 |
|
7 |
|a Oľšavka (Spišská Nová Ves, Slovensko)
|2 SNSK
|9 170361
|
| 651 |
|
7 |
|a SN,
|2 SNSK
|9 1021277
|
| 655 |
|
7 |
|a periodikum
|2 snkbucl
|9 29553
|
| 773 |
0 |
8 |
|t Spišský denník
|g Roč. 1, č.196, 26.11.1999, s. 10
|x 1335-759X
|
| 852 |
|
|
|a ZVYKNI
|b KIS3GCP
|
| 999 |
|
|
|c 2135113
|d 2137043
|